Normal view
MARC view
- Aquacultural engineering.
Entry Topical Term
001 - CONTROL NUMBER
- control field: 3103
003 - CONTROL NUMBER IDENTIFIER
- control field: OSt
005 - DATE AND TIME OF LATEST TRANSACTION
- control field: 20180521153408.0
008 - FIXED-LENGTH DATA ELEMENTS
- fixed length control field: 180521|| aca||aabn | a|a d
040 ## - CATALOGING SOURCE
- Original cataloging agency: OSt
- Transcribing agency: OSt
150 ## - HEADING--TOPICAL TERM
- Topical term or geographic name as entry element: Aquacultural engineering.
670 ## - SOURCE DATA FOUND
- Source citation: Work cat.: (OSt)15415: Wheaton, Fredrick W. 3102, Aquacultural engineering /, c1977.
